00526nam a2200109Ia 4500008004100000050002500041100002600066245018800092260008600280300002800366521002200394140724s9999 xx 000 0 und d aLC 4705b.Ab152 2010 aAblir Jr, Demetrio M. aAnalysis of the competencies of the Pre-school Teachers at Fr. Angelico Lipani School Based on the National Joint Committee on Learning Disabilities Standards /cDemetrio M. Ablir Jr. aLas Piñas, Philippines :bSouthville International School and Colleges,cc2010. a48 p. :bill. ;c28 cm. aSpecial Education